Quick snap guide to digital photography : An instant start-up manual for new digital camera owners
محفوظ في:
| المؤلف الرئيسي: | |
|---|---|
| التنسيق: | كتاب |
| اللغة: | Undetermined |
| منشور في: |
Boston, MA.
Thomson Course Technology
2007
|
| الموضوعات: | |
| الوسوم: |
إضافة وسم
لا توجد وسوم, كن أول من يضع وسما على هذه التسجيلة!
|
| Thư viện lưu trữ: | Trung tâm Học liệu Trường Đại học Cần Thơ |
|---|
| LEADER | 00641nam a2200217Ia 4500 | ||
|---|---|---|---|
| 001 | CTU_127829 | ||
| 008 | 210402s9999 xx 000 0 und d | ||
| 020 | |c 486000 | ||
| 082 | |a 775 | ||
| 082 | |b B978 | ||
| 100 | |a Bush, Davis D. | ||
| 245 | 0 | |a Quick snap guide to digital photography : | |
| 245 | 3 | |b An instant start-up manual for new digital camera owners | |
| 245 | 0 | |c Davis D. Bourge | |
| 260 | |a Boston, MA. | ||
| 260 | |b Thomson Course Technology | ||
| 260 | |c 2007 | ||
| 650 | |a Photography | ||
| 650 | |x Digital techniques,Handbooks manuals etc. | ||
| 904 | |i Minh | ||
| 980 | |a Trung tâm Học liệu Trường Đại học Cần Thơ | ||